| 000 | 00427pam a2200181a 44500 | ||
|---|---|---|---|
| 008 | 230405s1992 xxu||||| |||| 00| 0 eng d | ||
| 041 | _aENG | ||
| 100 | _aWilliam H Hamilton | ||
| 245 | _aAgribusiness An Entrepreneurial Approach | ||
| 250 | _a1 | ||
| 260 |
_a _bDelmar _c1992 |
||
| 300 | _a368p,26cms | ||
| 440 | _a695 | ||
| 690 | _aIMRDA | ||
| 700 | _aD Howard Doster | ||
| 700 | _aDonald F Connelly | ||
| 906 | _a4494 | ||
| 999 |
_c257353 _d257353 |
||